000 01189nam a2200277 i 4500
001 111664
003 ES-MaACL
005 20250902080712.0
007 t|
008 061121m19521959sp |||| | spa d
245 0 0 _aOrganización de empresas
_b: texto especialmente preparado para cátedra a distancia /
_c[traducción y adaptación al español por el Departamento de Estudios CEDECO, Centro Español de Enseñanza por Correspondecia].
250 _a1ª ed.
260 _aMadrid :
_bInternational Textbook Company,
_c[ca.1952-1959] (
_fAltamira)
300 _a5 v. ;
_c23 cm.
490 1 _a7104 ;
_vA-E
505 8 _aContiene: 5 partes en 5 v.
594 _aEn cub.: Escuelas Internacionales (Internacional Correspondence Schools System)
594 _aDatos tomados de cub.
650 7 _aOrganización de la empresa
_2embne
_912228
650 0 7 _aGestión de empresas
_2embne
_912210
710 2 _aCentro Español de Enseñanza por Correspondencia.
_92729
710 2 _aInternational Correspondence Schools.
_95267
830 0 _a7104 ;
_vA-E
_9233081
852 _aES-MaACL
_j2337-F-16-20
_xOlim: E-4114-17
_q- v. 1 y 5 faltos de cub.
999 _c111664
_d111664